000 00641nam a2200241Ia 4500
003 OSt
005 20221007064848.0
006 a|||||r|||| 00| 0
007 ta
008 221006b |||||||| |||| 00| 0 eng d
020 _a0195644476
_cRs. 295/-
024 _a16,672
037 _cTextual
040 _aFLL
_cFLL
_beng
041 _2eng
_aeng
082 _aZ2,2, N9
100 _aSivaramayaa B.
_9686420
245 0 _aMatrimonial property law in India
260 _aDelhi
_bOxford University Press India
_c1999
300 _a132p
_ccm.
942 _hZ2,2, N9
_cTEXL
_2CC
999 _c1135589
_d1135589